| 000 | 00598nam a2200241 a 4500 | ||
|---|---|---|---|
| 001 | nice12345678 | ||
| 003 | IN_TiNIC | ||
| 005 | 20260116011732.0 | ||
| 008 | 050524s1948 newa grp 000 0 eng | ||
| 020 |
_a _c100 |
||
| 082 | 0 | 0 |
_a253.5 _bBON |
| 100 | _aBonnell, John Sutherland | ||
| 245 | _aPsychology for Pastor and People | ||
| 260 |
_aNew York _bHarper and Row _c1948 |
||
| 300 | _a225p | ||
| 500 | _aincludes index and biblioraphy | ||
| 505 | 2 | _aIndex | |
| 650 | _aPastoral Theology | ||
| 700 | 1 | _aBonnell, John Sutherland | |
| 902 | _bSRS | ||
| 942 | _cBK | ||
| 999 |
_c3597 _d3597 |
||